Venäjä A-Ö - Statistics

Yleistilastot
  • Tätä visaa on pelattu 580 kertaa
  • Keskiarvotulos 16 / 24
Vastaustilastot
Clue Vastaus % Oikein
M Pääkaupunki Moskova
96%
R Valuutta Rupla
93%
U Vuoristo Euroopan ja Aasian välissä Ural
91%
L Pietarin entinen nimi Leningrad
90%
T Vanha venäläisten hallitsijoiden arvonimi Tsaari
88%
V Euroopan pisin joki Volga
88%
Ö Venäjän talouden kannalta merkittävä vientituote Öljy
84%
I "Julma" Venäjän hallitsija 1500-luvulla Iivana Julma
81%
F Maan virallinen nimi: Venäjän __________ Federaatio
79%
S Ensimmäinen Maata kiertänyt satelliitti Sputnik
79%
G Neuvostoliiton viimeinen johtaja Gorbatšov
75%
J Tšaikovskin säveltämä tunnettu baletti Joutsenlampi
74%
K Presidentin virallinen asunto Kreml
70%
B Pääkaupungissa sijaitseva tunnettu teatteri- ja oopperatalo Bolšoi-teatteri
64%
Ä Euroopan toiseksi suurin järvi Ääninen
61%
Y Putinin puolue: _______ Venäjä Yhtenäinen
56%
E Euroopan korkein vuori Elbrus
50%
A Suuri joki ja alue Siperiassa Amur
48%
H Neuvostoliiton johtaja 1953–1964 Hruštšov
46%
P 1980-luvulla Neuvostoliitossa alkanut prosessi, jonka tarkoitus oli uudistaa talousjärjestelmä Perestroika
46%
Z Suuri kaksoissaari Pohjoisella jäämerellä: Novaja _____ Zemlja
46%
D Venäläinen kesäasunto Datša
43%
N Kolmanneksi suurin kaupunki Novosibirsk
42%
O Venäjänkielinen nimi Venäjän hallinnollisille yksiköille Oblast
31%
Ehtoja vastaavia visoja ei löytynyt
Tulosjakauma
Jokaisen tuloksen saaneiden osuus
Persentiili vastausten määrän mukaan
Tuloshistoriasi
Et ole pelannut tätä visaa